000 01884cam a22004577a 4500
003 CHAP
005 20220817041025.0
008 971013s r 00010 d
010 _a4829
011 _a5801
035 _a5017
040 _cCHAP
082 _a631.0913
_bI59
110 2 _aInternational Crops Research Institute for the Semi-Arid Tropics
245 1 0 _aICRISAT report 198-
_c/by International Crops Research Institute for the Semi-Arid Tropics
260 _aPatancheru, India :
_bInternational Crops Researach Institute for the Semi-Arid Tropics,
_c198-.
300 _av. ilus.
500 _aLa biblioteca tiene: 1990, 1991, 1992, 1994, 1995, 1996, 2000
590 _aBATCH-UPD
_b10
_c20130110
_lUCH01
_h1035
590 _aBATCH-UPD
_b10
_c20130410
_lUCH01
_h0636
590 _aBATCH-UPD
_b10
_c20130913
_lUCH01
_h2352
590 _aBATCH-UPD
_b10
_c20130914
_lUCH01
_h1819
590 _aCONVERSION
_b10
_c20130109
_lUCH01
_h1304
650 1 4 _aAgricultura
_xTrópicos.
_91888
650 1 4 _aCajanus indicus.
650 1 4 _aCultivos tropicales.
_930383
650 1 4 _aCultivos
_xRegiones áridas.
_930317
650 1 4 _aGarbanzo.
_945596
650 1 4 _aMijo.
_975640
650 1 4 _aSorgo.
_9108622
650 1 4 _aTrópicos
_xAgricultura.
_9115279
901 _aBK
942 _cLIBRO
949 _a631.0913 I59
_bBC
_cLIBRO
_d33724000052338
_eLIBRO
_f1991
_h84080
_i5017
_si
949 _a631.0913 I59
_bBC
_cLIBRO
_d33724000052346
_eLIBRO
_f1990
_h81565
_i5017
_si
949 _a631.0913 I59
_bBC
_cLIBRO
_d33724000052452
_eLIBRO
_f1992
_h84182
_i5017
_si
949 _a631.0913 I59
_bBC
_cLIBRO
_d33724000614566
_eLIBRO
_f1994
_h90026
_i5017
_si
949 _a631.0913 I59
_bBC
_cLIBRO
_d33724000687406
_eLIBRO
_f1995
_h92416
_i5017
_sb
949 _a631.0913 I59
_bBC
_cLIBRO
_d33724000687786
_eLIBRO
_f2000
_h98493
_i5017
_si
949 _a631.0913 I59
_bBC
_cLIBRO
_d33724000691960
_eLIBRO
_f1996
_h93360
_i5017
_sb
999 _c4829
_d4829